| 000 | 00412nam a22001697a 4500 | ||
|---|---|---|---|
| 003 | SGT | ||
| 020 | _a9788131253458 | ||
| 082 |
_a617.6 _bS19G |
||
| 100 | _aGopikrishna, V. | ||
| 245 | _aSturdevant's Art and Science of Operative Dentistry | ||
| 250 | _a2nd South Asia | ||
| 260 |
_bElsevier _c2019 |
||
| 300 | _a702 | ||
| 650 | _aOperative Dentistry | ||
| 653 | _aOperative Dentistry | ||
| 942 |
_2ddc _cBK _0134 |
||
| 999 |
_c22717 _d22717 |
||